Quizzes
Events
Quiz Creation
Community
Videos
Private Events
Remove Ads
Sign In
Join for FREE
Feedback
Dark Mode
Quiz Categories
Sports
Geography
Music
Movies
Television
Just For Fun
Miscellaneous
History
Literature
Language
Science
Gaming
Entertainment
Religion
Holiday
For Kids
Quiz Lab
Recent
Popular Today
Quiz Kudos Today
Editor Picks
Curator Picks
Quizzes by...
Day
Popularity
Type
Ratings
Length
Year
Community
Subscriptions
Recent Discussions
Orange Saloon
Badges
Playlists
Quests
Create
Leaderboards
Showdown
Live 5
Trivia Bingo
Activity
Puzzle Library
Sporcle Events
Private Events
Virtual Trivia
Globe League
Become a Host
Pub Owners
SporcleCon
Opinionation
Our Games
Videos
Blog
Mobile Apps
Partnerships
Remove Ads and Go Orange
Feedback
Music
Pop Music
The Beatles
Song
Album
Lyrics
Bands
Singers
Artist
Clip
Rock
Rap
Classical
Billboard
Country Music
Kpop
Taylor Swift
Music
Pop Music
The Beatles
Song
Album
Lyrics
Bands
Singers
Artist
Clip
Rock
Rap
Classical
Billboard
Country Music
Kpop
Taylor Swift
Random Quiz
Search Sporcle
×
Quiz Lab
Quiz Lab
Music
Song
Type in answers that appear in a list
Type in answers that appear in a list
Classic
Best Score? Go Orange.
Figure Out The Aerosmith Lyrics Stats
Can you name the Lyrics to this Aerosmith Song?
By
Shiarrael
15m
209 Questions
549 Plays
549 Plays
549 Plays
Comments
Comments
Give Quiz Kudos
Give Quiz Kudos
-
- Ratings
hide this ad
Replay
Link that replays current quiz
Next Quiz
Link to next quiz in quiz playlist
You Got
0%
They Got
Avg Score
48%
Avg Friend Score
Upgrade to see
Score Distribution
Jump to the score distribution portion of the page
Score
0/209
Timer
15:00
0
Plays Today
% Correct
and
90%
the
90%
and
90%
and
90%
a
90%
the
90%
the
90%
and
90%
and
90%
and
90%
the
90%
a
90%
and
90%
the
90%
you
83.4%
you
83.4%
you
83.4%
you
83.4%
you
83.4%
you
83.4%
you
83.4%
you
83.4%
you
83.4%
you
83.4%
you
83.4%
love
76.1%
love
76.1%
me
74.5%
me
74.5%
to
71%
to
71%
to
71%
to
71%
it
69.8%
it
69.8%
it
69.8%
it
69.8%
is
67.2%
is
67.2%
in
66.1%
your
64.7%
Your
64.7%
be?
63.8%
be
63.8%
be
63.8%
So
60.1%
so
60.1%
so
60.1%
so
60.1%
so
60.1%
so
60.1%
my
59.2%
my
59.2%
my
59.2%
my
59.2%
My
59.2%
my
59.2%
My
59.2%
my
59.2%
My
59.2%
my
59.2%
My
59.2%
my
59.2%
My
59.2%
my
59.2%
you're
58.5%
You're
58.5%
You're
58.5%
what
58.5%
what
58.5%
% Correct
you're
58.5%
you're
58.5%
of
56.5%
of
56.5%
where
56.3%
where
56.3%
I'm
55.6%
I'm
55.6%
I'm
55.6%
I'm
55.6%
I'm
55.6%
that
55%
one
53.7%
one
53.7%
no
52.8%
when
52.5%
when
52.5%
who
50.6%
who
50.6%
it's
50.3%
it's
50.3%
its
50.3%
it's
50.3%
baby
49.5%
baby
49.5%
baby
49.5%
baby
49.5%
baby
49.5%
baby
49.5%
baby
49.5%
baby
49.5%
baby
49.5%
baby
49.5%
baby
49.5%
but
48.8%
but
48.8%
But
48.8%
got
48.1%
all
47.5%
all
47.5%
all
47.5%
at
46.3%
her
45.4%
there
45.2%
we're
43.9%
see
42.1%
I
39.3%
I
39.3%
I
39.3%
I
39.3%
I
39.3%
yeah
38.6%
Yeah
38.6%
will
38.6%
Yeah
38.6%
Yeah
38.6%
Yeah
38.6%
Yeah
38.6%
Yeah
38.6%
think
38.3%
with
38.1%
had
36.2%
I've
35.7%
up
35.5%
take
35.3%
been
34.8%
been
34.8%
been
34.8%
been
34.8%
that's
34.4%
% Correct
jaded,
33.7%
jaded
33.7%
over
33.7%
jaded
33.7%
jaded
33.7%
jaded
33.7%
jaded
33.7%
jaded
33.7%
jaded
33.7%
jaded
33.7%
jaded
33.7%
jaded
33.7%
jaded
33.7%
jaded
33.7%
about
33.3%
about
33.3%
about
33.3%
about
33.3%
here
32.4%
Hey
32.1%
Hey
32.1%
Hey
32.1%
supposed
31.1%
blue
30.6%
blue
30.6%
blue
30.6%
blue
30.6%
blue
30.6%
blue
30.6%
blue
30.6%
child
29.5%
we'll
29.1%
always
28.4%
mama's
28.2%
yesterday's
27%
thinking
26.8%
thinking
26.8%
thinking
26.8%
thinking
26.8%
thinking
26.8%
other
26.4%
getting
25.5%
side
25.3%
everything
24.6%
into
23.9%
hated
23%
hated
23%
please
23%
aint
22.6%
afraid
21.9%
ride
20.9%
'cause
20.4%
misery
18.9%
wouldn't
18.6%
velvet
18.2%
blur
18%
maybe
17.7%
slip
17.3%
glove
17.1%
complicated
16.8%
breeze
16.8%
shooting
16.4%
X-rated
16.2%
overrated
16%
prefer
15.3%
trade
12.9%
ecstasy's
10.2%
thinking's
8.2%
lovely
7.7%
Quiz Playlist
Details
Report
Send in Message
Add To Playlist
Classic:
Type in answers that appear in a list
Last Updated: Feb 16, 2017
Quiz Scoreboard
CHALLENGE
Sign Up to Join the Scoreboard
Show All
Scores
Hide
Comments
May contain spoilers
Recently Published
Presidents Visiting Landmarks
by Hejman
History
7m
An Introduction to Baseball
by treessimontrees
Sports
5m
Movies - When Are They Set?
by FPL_Elf
Movies
5m
More to Explore
Quiz From the Vault
Featured Blog Post
Where Did the Easter Bunny Come From?
hide this ad
You Might Also Like...
Tags
Lyrics Quiz
Song Quiz
Aerosmith
Today's Top Quizzes in Music
Browse Music
hide this ad
Today's Top Quizzes in Song
Browse Song
Top Contributed Quizzes in Music
1
Taylor Swift All Songs (2024)
2
Guess the Artist- 70s Songs
3
Taylor Swift Logic Puzzle
4
KPOP LOGIC QUIZ
5
One Thing in Common: Music
6
2010s Album by Cover III
7
7-to-1: Billboard Hot 100 #1 Hits of 2010s
8
Guess the Taylor Swift song (Mystery Song)
9
Sorting Albums and Songs
10
2000s Album Cover Bunker
Explore More
Trending Topics
Anime
Crossword
Harry Potter
Marvel
Kpop
NBA
Disney
Song
Soccer
The Office
NFL
WWE
Puzzle
Country
Pokémon
hide this ad
More By:
Shiarrael
Quiz
Plays
Rating
Category
Featured
Created
Figure Out The Aerosmith Lyrics
549
3.00
Music
Jun 3, 2011
Go to Creator's Profile
Score Distribution
Quiz Creator Spotlight
Shiarrael
Follow
Send a Message
Quizzes Created
-
Created Quiz Play Count
-
More By This Creator
Popular Quizzes Today
1
Find the US States - No Outlines Minefield
2
Find the Countries of Europe - No Outlines Minefield
3
The Countries of the World
4
Find the US States
5
Popular People in 1961
6
US States
7
Risky Map Clicking: Biggest States A-Z
8
1-10 Letter E Words III
More Music Quizzes
UK Number Ones by any 3 Letters (1960s)
Quiz Lab
Trending Quizzes
Risky Map Clicking: Least Populous States A-Z
1-10 Letter G Words
1-10 Letter F Words
Risky Map Clicking: Next State Alphabetically
Risky Map Clicking: Biggest States A-Z
Recently Updated
Leaping Animals
pecheneg
Reality TV Shows (A-Z)
bhenderson79
Rickey Henderson's Hall of Fame Teammates
pecheneg
Champions League XIs: Arsenal
pecheneg
Quick Pick: Celebrities in WWE's Hall of Fame
aduchscher
A-Z Keypad Blitz II
pecheneg
Multiple Oscar Actors
pecheneg
Mystery Phrase Blitz: Oscar 'Best Actors'
pecheneg
F. Scott Fitzgerald Novels
LTH
Pick 3 Villains
ddd62291
Trending Topics
Disney
Kpop
Marvel
Anime
Harry Potter
Crossword
NBA
Pokémon
Song
The Office
Country
Soccer
WWE
Puzzle
NFL
Your Account Isn't Verified!
In order to create a playlist on Sporcle, you need to verify the email address you used during registration. Go to your
Sporcle Settings
to finish the process.
Report this User
Report this user for behavior that violates our
Community Guidelines
.
Details:
Send Report
Go to the Sporcle.com Mobile Site →
Comments